| 000 | 00549nam a2200205Ia 4500 | ||
|---|---|---|---|
| 005 | 20250508162706.0 | ||
| 008 | 008 250505s9999 xx 000 0 eng d | ||
| 037 | _aTextual | ||
| 040 |
_aFEDL _beng _cFEDL |
||
| 041 |
_aeng _2eng |
||
| 084 |
_a155.2, HAM _qFEDL |
||
| 100 | _aHampson Sarah E. | ||
| 245 | 0 | _aConstruction of personality : An introduction | |
| 250 | _a2nd | ||
| 260 |
_aLondon, UK _bRoutledge _c1982 |
||
| 300 | _aviii,319p. | ||
| 650 | _aPersonality | ||
| 942 |
_cTEXL _h155.2, HAM |
||
| 999 |
_c1378093 _d1378093 |
||